<?xml version="1.0" encoding="UTF-8"?><?xml-stylesheet type="text/xsl" href="static/style.xsl"?><OAI-PMH xmlns="http://www.openarchives.org/OAI/2.0/" xmlns:xsi="http://www.w3.org/2001/XMLSchema-instance" xsi:schemaLocation="http://www.openarchives.org/OAI/2.0/ http://www.openarchives.org/OAI/2.0/OAI-PMH.xsd"><responseDate>2026-04-13T15:20:49Z</responseDate><request verb="GetRecord" identifier="oai:www.recercat.cat:10230/56439" metadataPrefix="marc">https://recercat.cat/oai/request</request><GetRecord><record><header><identifier>oai:recercat.cat:10230/56439</identifier><datestamp>2025-12-18T01:25:49Z</datestamp><setSpec>com_2072_6</setSpec><setSpec>col_2072_452952</setSpec></header><metadata><record xmlns="http://www.loc.gov/MARC21/slim" xmlns:dcterms="http://purl.org/dc/terms/" xmlns:xsi="http://www.w3.org/2001/XMLSchema-instance" xmlns:doc="http://www.lyncode.com/xoai" xsi:schemaLocation="http://www.loc.gov/MARC21/slim http://www.loc.gov/standards/marcxml/schema/MARC21slim.xsd">
   <leader>00925njm 22002777a 4500</leader>
   <datafield ind2=" " ind1=" " tag="042">
      <subfield code="a">dc</subfield>
   </datafield>
   <datafield ind2=" " ind1=" " tag="720">
      <subfield code="a">Morsi, Alia</subfield>
      <subfield code="e">author</subfield>
   </datafield>
   <datafield ind2=" " ind1=" " tag="720">
      <subfield code="a">Serra, Xavier</subfield>
      <subfield code="e">author</subfield>
   </datafield>
   <datafield ind2=" " ind1=" " tag="260">
      <subfield code="c">2023-04-11T06:42:51Z</subfield>
   </datafield>
   <datafield ind2=" " ind1=" " tag="260">
      <subfield code="c">2023-04-11T06:42:51Z</subfield>
   </datafield>
   <datafield ind2=" " ind1=" " tag="260">
      <subfield code="c">2022</subfield>
   </datafield>
   <datafield ind2=" " ind1=" " tag="520">
      <subfield code="a">Comunicació presentada a 23nd International Society for Music Information Retrieval Conference (ISMIR 2022), celebrat del 4 al 8 de desembre de 2022 a Bangalore, Índia.</subfield>
   </datafield>
   <datafield ind2=" " ind1=" " tag="520">
      <subfield code="a">Although audio to score alignment is a classic Music Information Retrieval problem, it has not been defined uniquely with the scope of musical scenarios representing its core. The absence of a unified vision makes it difficult to pinpoint its state-of-the-art and determine directions for improvement. To get past this bottleneck, it is necessary to consolidate datasets and evaluation methodologies to allow comprehensive benchmarking. In our review of prior work, we demonstrate the extent of variation in problem scope, datasets, and evaluation practices across audio to score alignment research. To circumvent the high cost of creating large-scale datasets with various instruments, styles, performance conditions, and musician proficiency levels from scratch, the research community could generate ground truth approximations from non-audio to score alignment datasets which include a temporal mapping between a music score and its corresponding audio. We show a methodology for adapting the Aligned Scores and Performances dataset, created originally for beat tracking and music transcription. We filter the dataset semi-automatically by applying a set of Dynamic Time Warping based Audio to Score Alignment methods using out-of-the-box Chroma and Constant-Q Transform extraction algorithms, suitable for the characteristics of the piano performances of the dataset. We use the results to discuss the limitations of the generated ground truths and data adaptation method. While the adapted dataset does not provide the necessary diversity for solving the initial problem, we conclude with ideas for expansion, and identify future directions for curating more comprehensive datasets through data adaptation, or synthesis.</subfield>
   </datafield>
   <datafield ind2=" " ind1=" " tag="520">
      <subfield code="a">This research was carried out under the project Musical AI - PID2019-111403GB-I00/AEI/10.13039/501100011033, funded by the Spanish Ministerio de Ciencia e Innovación and the Agencia Estatal de Investigación.</subfield>
   </datafield>
   <datafield tag="653" ind2=" " ind1=" ">
      <subfield code="a">Música</subfield>
   </datafield>
   <datafield ind2="0" ind1="0" tag="245">
      <subfield code="a">Bottlenecks and solutions for audio to score alignment research</subfield>
   </datafield>
</record></metadata></record></GetRecord></OAI-PMH>